Respuesta al cuestionamiento del Ideario Costarricense /
En su respuesta para el Ideario Costarricense, el dr. Mohs se refiere a las siguientes cuestiones: i-. problemas sociales fundamentales y problemas de la política social ii-. concepción de la política social: reorientación de la misma iii-. caracterización de la política social de Costa Rica: los pr...
সংরক্ষণ করুন:
| প্রধান লেখক: | |
|---|---|
| সংস্থা লেখক: | |
| বিন্যাস: | অজ্ঞাত |
| ভাষা: | Spanish |
| বিষয়গুলি: | |
| ট্যাগগুলো: |
ট্যাগ যুক্ত করুন
কোনো ট্যাগ নেই, প্রথমজন হিসাবে ট্যাগ করুন!
|
MARC
| LEADER | 00000 a2200000 04500 | ||
|---|---|---|---|
| 001 | 4475 | ||
| 003 | CIDCACS | ||
| 005 | 20221103141310.0 | ||
| 008 | 221103b |||||||| |||| 00| 0 spa d | ||
| 040 | |c CIDCACS | ||
| 100 | 1 | |9 6531 |a Mohs, Edgar |e Autor | |
| 245 | 1 | |a Respuesta al cuestionamiento del Ideario Costarricense / |c Edgar Mohs V. | |
| 300 | |a páginas 411-413 | ||
| 520 | |a En su respuesta para el Ideario Costarricense, el dr. Mohs se refiere a las siguientes cuestiones: i-. problemas sociales fundamentales y problemas de la política social ii-. concepción de la política social: reorientación de la misma iii-. caracterización de la política social de Costa Rica: los programas de ajuste estructural, los desequilibrios regionales y los programas de compensación social iv-. administración y gestión de la política social: instituciones responsables, la reforma del aparato estatal, el papel del Ministerio de Trabajo, la reforma de las instituciones de bienestar, el papel de las organizaciones comunales y de las organizaciones no gubernamentales en la solución de problemas sociales y, v-. perspectivas de la política social: para el ponente, si se logra armonizar desarrollo económico con desarrollo social y sólidos valores morales, se puede anticipar un futuro de paz, progreso y justicia muy superiores a los conocidos hasta el momento. EBZ/mb | ||
| 650 | |a POLITICA SOCIAL | ||
| 650 | |a PROBLEMAS SOCIALES | ||
| 650 | |a AJUSTE ESTRUCTURAL | ||
| 650 | |a DESIGUALDAD RURAL |z -URBANA | ||
| 650 | |a COMPENSACION SOCIAL | ||
| 650 | |a ADMINISTRACION SOCIAL | ||
| 650 | |a MARCO INSTITUCIONAL | ||
| 650 | |a MODERNIZACION | ||
| 650 | |a MINISTERIO DE TRABAJO Y SEGURIDAD SOCIAL, CR | ||
| 650 | |a PARTICIPACION COMUNITARIA | ||
| 650 | |a ORGANIZACIONES NO G | ||
| 710 | |a Universidad Nacional (Costa Rica) | ||
| 942 | |2 ddc |c LI | ||
| 999 | |c 8276 |d 8276 | ||
| 773 | 0 | |0 17141 |9 4797 |a Costa Rica. |d Heredia: UNA, 1993 |o 22321 |t Ideario Costarricense / |w (cru CIDCACS/IIS)4416 | |
